000 00333nam a22001457a 4500
008 211011b ||||| |||| 00| 0 eng d
020 _a2900205674595
041 _aeng
080 _25th
_a371
082 _a371
100 _a46
101 _aEDU
245 _aA Brief Guide to Writing from Readings
_cWilhoit,S
942 _2udc
_cBK
999 _c58127
_d58127